Detection aspects of an optical matched filter image correlator (ADA 040428) (Record no. 6467)

MARC details
000 -LEADER
fixed length control field 00582nam a2200181Ia 4500
003 - CONTROL NUMBER IDENTIFIER
control field IN-BaIIA
008 - FIXED-LENGTH DATA ELEMENTS--GENERAL INFORMATION
fixed length control field 211028s9999 xx 000 0 eng d
040 ## - CATALOGING SOURCE
Transcribing agency IIA Library
080 ## - UNIVERSAL DECIMAL CLASSIFICATION NUMBER
Universal Decimal Classification number 535
Item number MEH
100 ## - MAIN ENTRY--PERSONAL NAME
Personal name Mehalek, G. M
9 (RLIN) 11100
245 #0 - TITLE STATEMENT
Title Detection aspects of an optical matched filter image correlator (ADA 040428)
Statement of responsibility, etc. G. M. Mehalek
260 ## - PUBLICATION, DISTRIBUTION, ETC.
Name of publisher, distributor, etc. Grumman Aerospace
Date of publication, distribution, etc. 1977
300 ## - PHYSICAL DESCRIPTION
Extent 33p.
650 ## - SUBJECT ADDED ENTRY--TOPICAL TERM
Topical term or geographic name entry element Aerial reconnaisance
9 (RLIN) 11101
650 ## - SUBJECT ADDED ENTRY--TOPICAL TERM
Topical term or geographic name entry element Image correlator
9 (RLIN) 11102
650 ## - SUBJECT ADDED ENTRY--TOPICAL TERM
Topical term or geographic name entry element Optical matched filters
9 (RLIN) 11103
942 ## - ADDED ENTRY ELEMENTS (KOHA)
Koha item type Books
Holdings
Withdrawn status Lost status Damaged status Not for loan Home library Current library Shelving location Date acquired Total Checkouts Full call number Barcode Date last seen Price effective from Koha item type
        IIA Library-Bangalore IIA Library-Bangalore General Stacks 06/03/1980   535/ MEH 7199 05/11/2021 06/03/1980 Books

Powered by Koha